[Event "Muensterland Regionalliga 2526"]
[Site "Germany"]
[Date "2025.09.06"]
[Round "1"]
[Board "5"]
[White "Plotz, Noah"]
[Black "Ratert, Matthias"]
[Result "1/2-1/2"]
[WhiteElo "1861"]
[BlackElo "1864"]
[WhiteFideId "-1"]
[BlackFideId "-1"]
[PlyCount "82"]
[GameId "541868388326"]
[EventDate "2025.??.??"]
[EventType "team-tourn"]
[EventRounds "9"]
[EventCountry "GER"]
[SourceTitle "Verband Muensterland"]
[SourceDate "2025.09.21"]
[SourceVersion "1"]
[SourceVersionDate "2025.09.21"]
[SourceQuality "1"]
[WhiteTeam "Steinfurt"]
[BlackTeam "Rheine Klein Berlin"]
[WhiteTeamCountry "GER"]
[BlackTeamCountry "GER"]

1. c4 c5 2. Nf3 Nc6 3. Nc3 g6 4. e3 Bg7 5. d4 d6 6. d5 Na5 7. Be2 e5 8. dxe6 Bxe6 9. Nb5 Nf6 10. Qxd6 Qxd6 11. Nxd6+ Ke7 12. Bd2 Nc6 13. Nb5 Ne4 14. Bc3 Nxc3 15. Nxc3 Rhd8 16. Nd1 Nb4 17. O-O Nd3 18. Bxd3 Rxd3 19. Rc1 f5 20. b3 a5 21. Rb1 a4 22. bxa4 Bxc4 23. Rxb7+ Kf8 24. Nb2 Rc3 25. Nxc4 Rxc4 26. Rd1 Bf6 27. h3 Rd8 28. Rdb1 Rxa4 29. Rxh7 Rb4 30. Rxb4 cxb4 31. Rb7 Bc3 32. Nd4 Ra8 33. Nc2 Rxa2 34. Nxb4 Ra1+ 35. Kh2 Rb1 36. Rb8+ Kg7 37. Nc6 Rxb8 38. Nxb8 Be5+ 39. f4 Bxb8 40. Kg3 g5 41. Kf3 gxf4 1/2-1/2

[Event "Muensterland Regionalliga 2526"]
[Site "Germany"]
[Date "2025.09.06"]
[Round "1"]
[Board "6"]
[White "Germann, Norbert"]
[Black "Raue, Thorsten"]
[Result "0-1"]
[WhiteElo "1777"]
[BlackElo "1693"]
[WhiteFideId "-1"]
[BlackFideId "-1"]
[PlyCount "92"]
[GameId "541869116344"]
[EventDate "2025.??.??"]
[EventType "team-tourn"]
[EventRounds "9"]
[EventCountry "GER"]
[SourceTitle "Verband Muensterland"]
[SourceDate "2025.09.21"]
[SourceVersion "1"]
[SourceVersionDate "2025.09.21"]
[SourceQuality "1"]
[WhiteTeam "Rheine Klein Berlin"]
[BlackTeam "Steinfurt"]
[WhiteTeamCountry "GER"]
[BlackTeamCountry "GER"]

1. d4 Nf6 2. c4 c5 3. d5 e6 4. Nc3 exd5 5. cxd5 d6 6. e4 g6 7. h3 Bg7 8. Bd3 O-O 9. Nf3 a6 10. a4 Re8 11. O-O Qc7 12. Bf4 Nbd7 13. Re1 Rb8 14. a5 b5 15. axb6 Rxb6 16. Qc2 Qb8 17. Rab1 a5 18. Nd2 Ba6 19. Bxa6 Rxa6 20. Nc4 Ne5 21. Nxe5 dxe5 22. Be3 Qb4 23. f3 Nd7 24. Qa4 Qxa4 25. Nxa4 Rc8 26. Rec1 Bf8 27. Rc2 Ra7 28. Bd2 Bd6 29. Ra1 Rb8 30. Nc3 Rab7 31. Nd1 Bc7 32. Rc4 Rb5 33. Rca4 Ra8 34. Kf1 Rb7 35. Ke2 Kf8 36. Kd3 Ke7 37. Bc3 f6 38. Ne3 h5 39. Nc4 Rab8 40. Nxa5 Bxa5 41. Rxa5 Rb6 42. Ra8 R8b7 43. R1a7 Rb3 44. Rxb7 Rxb7 45. Rc8 h4 46. Kc4 Nb6+ 0-1

[Event "Muensterland Regionalliga 2526"]
[Site "Germany"]
[Date "2025.09.06"]
[Round "1"]
[Board "7"]
[White "Haselhorst, Helmut"]
[Black "Hemmert, Michael"]
[Result "1/2-1/2"]
[WhiteElo "1839"]
[BlackElo "1751"]
[WhiteFideId "-1"]
[BlackFideId "-1"]
[PlyCount "80"]
[GameId "541873133469"]
[EventDate "2025.??.??"]
[EventType "team-tourn"]
[EventRounds "9"]
[EventCountry "GER"]
[SourceTitle "Verband Muensterland"]
[SourceDate "2025.09.21"]
[SourceVersion "1"]
[SourceVersionDate "2025.09.21"]
[SourceQuality "1"]
[WhiteTeam "Steinfurt"]
[BlackTeam "Rheine Klein Berlin"]
[WhiteTeamCountry "GER"]
[BlackTeamCountry "GER"]

1. d4 g6 2. e4 Bg7 3. Nc3 d6 4. f4 c6 5. Nf3 Nf6 6. h3 O-O 7. Bd3 b5 8. Be3 Nbd7 9. Qd2 Qc7 10. e5 Ne8 11. O-O Nb6 12. Rae1 f5 13. Bf2 d5 14. Nd1 a5 15. Kh1 e6 16. Bh4 Ba6 17. a3 Nc4 18. Qf2 b4 19. a4 Nb6 20. Bxa6 Rxa6 21. b3 Ra8 22. Nb2 Bh6 23. Nd3 Ng7 24. Bg5 Bxg5 25. Nxg5 h6 26. Nf3 Kf7 27. Rc1 Qe7 28. c3 bxc3 29. Rxc3 Rac8 30. Rfc1 Rc7 31. Qh4 Qxh4 32. Nxh4 Rfc8 33. Nf3 Nd7 34. Kg1 Nb8 35. Kf2 Na6 36. Ke3 Nh5 37. Kf2 Ng7 38. g4 Ke7 39. Rg1 Kf7 40. Ke3 Rh8 1/2-1/2

[Event "Muensterland Regionalliga 2526"]
[Site "Germany"]
[Date "2025.09.06"]
[Round "1"]
[Board "8"]
[White "Horstmann, Michael"]
[Black "Terhorst, Timo"]
[Result "1/2-1/2"]
[WhiteElo "1672"]
[BlackElo "1650"]
[WhiteFideId "-1"]
[BlackFideId "-1"]
[PlyCount "26"]
[GameId "541873768467"]
[EventDate "2025.??.??"]
[EventType "team-tourn"]
[EventRounds "9"]
[EventCountry "GER"]
[SourceTitle "Verband Muensterland"]
[SourceDate "2025.09.21"]
[SourceVersion "1"]
[SourceVersionDate "2025.09.21"]
[SourceQuality "1"]
[WhiteTeam "Rheine Klein Berlin"]
[BlackTeam "Steinfurt"]
[WhiteTeamCountry "GER"]
[BlackTeamCountry "GER"]

1. d4 Nf6 2. Nc3 d5 3. Bf4 e6 4. e3 Bb4 5. Bd3 O-O 6. Nf3 Nbd7 7. O-O Bxc3 8. bxc3 c5 9. c4 dxc4 10. Bxc4 Nb6 11. Qd3 cxd4 12. exd4 Nxc4 13. Qxc4 Nd5 1/2-1/2

[Event "Muensterland Regionalliga 2526"]
[Site "Germany"]
[Date "2025.09.06"]
[Round "1"]
[Board "1"]
[White "Schulze Ameling, Hendrik"]
[Black "Hegemann, Eike"]
[Result "1-0"]
[WhiteElo "1996"]
[BlackElo "1939"]
[WhiteFideId "-1"]
[BlackFideId "-1"]
[PlyCount "61"]
[GameId "2095106920076468"]
[EventDate "2025.??.??"]
[EventType "team-tourn"]
[EventRounds "9"]
[EventCountry "GER"]
[SourceTitle "Verband Muensterland"]
[SourceDate "2025.09.21"]
[SourceVersion "1"]
[SourceVersionDate "2025.09.21"]
[SourceQuality "1"]
[WhiteTeam "Ahaus Wessum"]
[BlackTeam "Saerbeck"]
[WhiteTeamCountry "GER"]
[BlackTeamCountry "GER"]

1. d4 d5 2. Nf3 Nf6 3. c4 e6 4. Nc3 Be7 5. e3 O-O 6. Bd3 b6 7. b3 Nbd7 8. O-O Bb7 9. Qe2 Ne4 10. Bb2 f5 11. Rfd1 Qe8 12. Nb5 Bd8 13. Ne5 Nxe5 14. dxe5 a6 15. Nc3 Nxc3 16. Bxc3 Qc6 17. f3 dxc4 18. bxc4 Be7 19. h3 Rad8 20. Kh1 Bc5 21. Bc2 b5 22. cxb5 axb5 23. Bb3 g5 24. Bd4 Bxd4 25. exd4 Qb6 26. Qd2 h6 27. h4 f4 28. Qd3 Rd7 29. Qg6+ Rg7 30. Bxe6+ Kh8 31. Qxh6+ 1-0

[Event "Muensterland Regionalliga 2526"]
[Site "Germany"]
[Date "2025.09.06"]
[Round "1"]
[Board "2"]
[White "Kipp, Lucas"]
[Black "Winking, Hendrik"]
[Result "1/2-1/2"]
[WhiteElo "2013"]
[BlackElo "1918"]
[WhiteFideId "-1"]
[BlackFideId "-1"]
[PlyCount "89"]
[GameId "2095107169440957"]
[EventDate "2025.??.??"]
[EventType "team-tourn"]
[EventRounds "9"]
[EventCountry "GER"]
[SourceTitle "Verband Muensterland"]
[SourceDate "2025.09.21"]
[SourceVersion "1"]
[SourceVersionDate "2025.09.21"]
[SourceQuality "1"]
[WhiteTeam "Saerbeck"]
[BlackTeam "Ahaus Wessum"]
[WhiteTeamCountry "GER"]
[BlackTeamCountry "GER"]

1. e4 c5 2. c3 d6 3. Nf3 Nf6 4. Be2 Nc6 5. d3 g6 6. O-O Bg7 7. h3 O-O 8. Be3 b5 9. Nbd2 b4 10. d4 bxc3 11. bxc3 cxd4 12. cxd4 e5 13. dxe5 Nxe5 14. Nd4 Bb7 15. f3 Nc6 16. Rb1 Nxd4 17. Bxd4 Bc6 18. Qc1 Qd7 19. Qc3 Nh5 20. f4 Ng3 21. Rfe1 Nxe2+ 22. Rxe2 Bxd4+ 23. Qxd4 Bb5 24. Re3 a6 25. Ra3 Qe6 26. Rd1 Rfe8 27. Re3 Qxa2 28. f5 Qc2 29. Rde1 Qc5 30. Qf6 d5 31. fxg6 hxg6 32. Nb3 Qa7 33. Kh1 Re6 34. Qa1 Bc4 35. Nd4 Rxe4 36. Rxe4 dxe4 37. Rxe4 f5 38. Rh4 Qg7 39. Qa4 Bd5 40. Qa5 Qe5 41. Nc6 Bxg2+ 42. Kxg2 Qe2+ 43. Kg3 Qe3+ 44. Kg2 Qe2+ 45. Kg3 1/2-1/2

[Event "Muensterland Regionalliga 2526"]
[Site "Germany"]
[Date "2025.09.06"]
[Round "1"]
[Board "3"]
[White "Rosing, Hermann"]
[Black "Bartsch, Jan"]
[Result "1/2-1/2"]
[WhiteElo "1982"]
[BlackElo "1883"]
[WhiteFideId "-1"]
[BlackFideId "-1"]
[PlyCount "42"]
[GameId "2095107233178822"]
[EventDate "2025.??.??"]
[EventType "team-tourn"]
[EventRounds "9"]
[EventCountry "GER"]
[SourceTitle "Verband Muensterland"]
[SourceDate "2025.09.21"]
[SourceVersion "1"]
[SourceVersionDate "2025.09.21"]
[SourceQuality "1"]
[WhiteTeam "Ahaus Wessum"]
[BlackTeam "Saerbeck"]
[WhiteTeamCountry "GER"]
[BlackTeamCountry "GER"]

1. e4 c6 2. d4 d5 3. f3 Qb6 4. Nc3 dxe4 5. fxe4 e5 6. Nf3 exd4 7. Qxd4 Qxd4 8. Nxd4 Bc5 9. Be3 Nd7 10. Bd3 Ngf6 11. h3 O-O 12. O-O Ne5 13. Nf5 Bxe3+ 14. Nxe3 Be6 15. Rad1 Rad8 16. b3 Rd7 17. Be2 Rfd8 18. Rxd7 Rxd7 19. Rd1 Rxd1+ 20. Nexd1 Kf8 21. Kf2 Ke7 1/2-1/2

[Event "Muensterland Regionalliga 2526"]
[Site "Germany"]
[Date "2025.09.06"]
[Round "1"]
[Board "4"]
[White "Waltermann, Jens"]
[Black "Ter Horst, Carsten"]
[Result "1/2-1/2"]
[WhiteElo "1812"]
[BlackElo "1873"]
[WhiteFideId "-1"]
[BlackFideId "-1"]
[PlyCount "39"]
[GameId "2095107319190735"]
[EventDate "2025.??.??"]
[EventType "team-tourn"]
[EventRounds "9"]
[EventCountry "GER"]
[SourceTitle "Verband Muensterland"]
[SourceDate "2025.09.21"]
[SourceVersion "1"]
[SourceVersionDate "2025.09.21"]
[SourceQuality "1"]
[WhiteTeam "Saerbeck"]
[BlackTeam "Ahaus Wessum"]
[WhiteTeamCountry "GER"]
[BlackTeamCountry "GER"]

1. Nf3 e6 2. g3 d5 3. Bg2 Nf6 4. O-O c5 5. c4 dxc4 6. Na3 Nc6 7. Nxc4 Be7 8. d3 O-O 9. a4 Nd5 10. Bd2 f6 11. Qb3 Kh8 12. Rfd1 e5 13. e3 Rb8 14. Bc3 Be6 15. Qc2 Ncb4 16. Bxb4 Nxb4 17. Qc3 Qc7 18. b3 Rbc8 19. Rd2 Rfd8 20. Rad1 1/2-1/2

[Event "Muensterland Regionalliga 2526"]
[Site "Germany"]
[Date "2025.09.06"]
[Round "1"]
[Board "5"]
[White "Ciobotaru, Andrei Rares"]
[Black "Hoge, Reinhard"]
[Result "0-1"]
[WhiteElo "1703"]
[BlackElo "1854"]
[WhiteFideId "-1"]
[BlackFideId "-1"]
[PlyCount "120"]
[GameId "2095107403830488"]
[EventDate "2025.??.??"]
[EventType "team-tourn"]
[EventRounds "9"]
[EventCountry "GER"]
[SourceTitle "Verband Muensterland"]
[SourceDate "2025.09.21"]
[SourceVersion "1"]
[SourceVersionDate "2025.09.21"]
[SourceQuality "1"]
[WhiteTeam "Ahaus Wessum"]
[BlackTeam "Saerbeck"]
[WhiteTeamCountry "GER"]
[BlackTeamCountry "GER"]

1. d4 Nf6 2. Bf4 g6 3. Nc3 d5 4. Nf3 Bg7 5. e3 c6 6. Bd3 Bg4 7. h3 Bxf3 8. Qxf3 Nbd7 9. O-O O-O 10. a3 Re8 11. Rfd1 e5 12. dxe5 Nxe5 13. Qe2 Qe7 14. Nb1 Rad8 15. Nd2 Nh5 16. Bxe5 Qxe5 17. c3 Qc7 18. Nf3 a6 19. Qc2 c5 20. Rd2 Nf6 21. Rad1 Qe7 22. c4 Ne4 23. Bxe4 dxe4 24. Rxd8 Rxd8 25. Rxd8+ Qxd8 26. Qxe4 Qd1+ 27. Kh2 Qd6+ 28. Qf4 Qxf4+ 29. exf4 Bxb2 30. a4 f6 31. Kg3 Kf7 32. Nd2 Ke6 33. Kf3 Kd6 34. Ke4 f5+ 35. Kd3 Bc1 36. f3 Bxd2 37. Kxd2 Kc6 38. g4 Kb6 39. Kc3 Ka5 40. Kb3 b5 41. axb5 axb5 42. cxb5 Kxb5 43. Kc3 c4 44. Kc2 Kb4 45. Kb2 c3+ 46. Kc2 Kc4 47. h4 h5 48. gxh5 gxh5 49. Kc1 Kd3 50. Kd1 Ke3 51. Kc2 Kxf3 52. Kxc3 Kxf4 53. Kd2 Kg3 54. Ke2 f4 55. Kf1 Kf3 56. Kg1 Ke2 57. Kg2 f3+ 58. Kg3 f2 59. Kf4 f1=Q+ 60. Kg5 Qf3 0-1

[Event "Muensterland Regionalliga 2526"]
[Site "Germany"]
[Date "2025.09.06"]
[Round "1"]
[Board "6"]
[White "Bartsch, Rainer"]
[Black "Terdues, Guido"]
[Result "1/2-1/2"]
[WhiteElo "1663"]
[BlackElo "1722"]
[WhiteFideId "-1"]
[BlackFideId "-1"]
[PlyCount "92"]
[GameId "2095107464140001"]
[EventDate "2025.??.??"]
[EventType "team-tourn"]
[EventRounds "9"]
[EventCountry "GER"]
[SourceTitle "Verband Muensterland"]
[SourceDate "2025.09.21"]
[SourceVersion "1"]
[SourceVersionDate "2025.09.21"]
[SourceQuality "1"]
[WhiteTeam "Saerbeck"]
[BlackTeam "Ahaus Wessum"]
[WhiteTeamCountry "GER"]
[BlackTeamCountry "GER"]

1. d4 f5 2. Nc3 Nf6 3. Bf4 e6 4. g4 Bb4 5. gxf5 exf5 6. Qd3 d5 7. O-O-O c6 8. f3 Be6 9. h4 Qa5 10. a3 Bxc3 11. Qxc3 Qxc3 12. bxc3 Nbd7 13. Nh3 O-O-O 14. Nf2 Rde8 15. Nd3 Nb6 16. Kb1 Nh5 17. Be5 Na4 18. Re1 Nxc3+ 19. Kb2 Na4+ 20. Kb3 Nb6 21. Rg1 Rhg8 22. Bh3 Nc4 23. Rg5 g6 24. Reg1 Rgf8 25. a4 Nxe5 26. Nxe5 Kc7 27. c3 a6 28. Kc2 b5 29. axb5 cxb5 30. Ra1 Kb6 31. Rgg1 Re7 32. Rgb1 Nf6 33. Rb3 f4 34. Bxe6 Rxe6 35. Rba3 Ra8 36. Kd2 a5 37. Nd3 Nh5 38. Nc5 Re7 39. Nd3 Rae8 40. Ne5 Ra7 41. Nd3 Rae7 42. Ne5 Ra7 43. Rb3 a4 44. Rb4 Rc8 45. Rab1 Ra5 46. Nd7+ Kc6 1/2-1/2

[Event "Muensterland Regionalliga 2526"]
[Site "Germany"]
[Date "2025.09.06"]
[Round "1"]
[Board "8"]
[White "Welzel, Wilhelm"]
[Black "Schmidt, Lias Chester"]
[Result "1/2-1/2"]
[WhiteElo "1502"]
[BlackElo "1527"]
[WhiteFideId "-1"]
[BlackFideId "-1"]
[PlyCount "40"]
[GameId "2095107615425779"]
[EventDate "2025.??.??"]
[EventType "team-tourn"]
[EventRounds "9"]
[EventCountry "GER"]
[SourceTitle "Verband Muensterland"]
[SourceDate "2025.09.21"]
[SourceVersion "1"]
[SourceVersionDate "2025.09.21"]
[SourceQuality "1"]
[WhiteTeam "Saerbeck"]
[BlackTeam "Ahaus Wessum"]
[WhiteTeamCountry "GER"]
[BlackTeamCountry "GER"]

1. e4 e5 2. Nf3 Nc6 3. Bc4 Bc5 4. c3 Nf6 5. d4 exd4 6. O-O d5 7. exd5 Nxd5 8. Re1+ Be7 9. Nxd4 Na5 10. Bf1 O-O 11. Nd2 Bf6 12. Ne4 Bxd4 13. Qxd4 Nc6 14. Qd1 Re8 15. Bg5 f6 16. Bc4 Be6 17. Nc5 Bf7 18. Rxe8+ Qxe8 19. Bxd5 fxg5 20. Bxf7+ Qxf7 1/2-1/2

[Event "Muensterland Regionalliga 2526"]
[Site "Germany"]
[Date "2025.10.25"]
[Round "1"]
[Board "1"]
[White "Mueller, Achim"]
[Black "Tuente, Marcel"]
[Result "0-1"]
[WhiteElo "2010"]
[BlackElo "1953"]
[WhiteFideId "-1"]
[BlackFideId "-1"]
[PlyCount "80"]
[GameId "2095106920076468"]
[EventDate "2025.??.??"]
[EventType "team-tourn"]
[EventRounds "9"]
[EventCountry "GER"]
[SourceTitle "Verband Muensterland"]
[SourceDate "2025.09.21"]
[SourceVersion "1"]
[SourceVersionDate "2025.09.21"]
[SourceQuality "1"]
[WhiteTeam "Emsdetten Rochade"]
[BlackTeam "Raesfeld Erle II"]
[WhiteTeamCountry "GER"]
[BlackTeamCountry "GER"]

1. e4 e5 2. Nf3 Nc6 3. Bc4 Nf6 4. d3 Be7 5. c3 O-O 6. Bb3 d6 7. Nbd2 h6 8. Nf1 Be6 9. Ng3 Qd7 10. Ba4 a6 11. d4 b5 12. Bc2 Bg4 13. d5 Na5 14. h3 Bxf3 15. Qxf3 Kh7 16. Nf5 Ng8 17. Qg4 g6 18. Nxh6 Nf6 19. Qf3 Kg7 20. g4 Bd8 21. g5 Nh7 22. Rg1 Rb8 23. Qg3 b4 24. Qh4 Rh8 25. Nf5+ gxf5 26. Qh6+ Kg8 27. g6 Ng5 28. gxf7+ Qxf7 29. Qe6 Qxe6 30. dxe6 f4 31. cxb4 Nc6 32. Bb3 Kf8 33. Bd5 Nd4 34. Kd1 Rxh3 35. Bd2 Ndxe6 36. Bc3 Bf6 37. Kc2 Ke7 38. Rac1 Rh2 39. Be1 Nf3 40. Rf1 Nxe1+ 0-1

[Event "Muensterland Regionalliga 2526"]
[Site "Germany"]
[Date "2025.10.25"]
[Round "1"]
[Board "2"]
[White "Terhart, Juergen"]
[Black "Hiller, Simon"]
[Result "0-1"]
[WhiteElo "1851"]
[BlackElo "2148"]
[WhiteFideId "-1"]
[BlackFideId "-1"]
[PlyCount "76"]
[GameId "2095107169440957"]
[EventDate "2025.??.??"]
[EventType "team-tourn"]
[EventRounds "9"]
[EventCountry "GER"]
[SourceTitle "Verband Muensterland"]
[SourceDate "2025.09.21"]
[SourceVersion "1"]
[SourceVersionDate "2025.09.21"]
[SourceQuality "1"]
[WhiteTeam "Raesfeld Erle II"]
[BlackTeam "Emsdetten Rochade"]
[WhiteTeamCountry "GER"]
[BlackTeamCountry "GER"]

1. d4 d5 2. Bf4 Nf6 3. Nf3 c5 4. e3 Nc6 5. c3 e6 6. Nbd2 Be7 7. Bd3 O-O 8. Ne5 Qb6 9. Rb1 Rd8 10. Qf3 Nxe5 11. dxe5 Nd7 12. Qh3 Nf8 13. O-O Bd7 14. Nf3 Bb5 15. Bxb5 Qxb5 16. Rfd1 a5 17. Qg4 Qa4 18. a3 Ra6 19. h4 Rb6 20. Rd2 Qe4 21. Rbd1 h6 22. Qh3 Ng6 23. Qh2 Ra8 24. h5 Nf8 25. Qh3 a4 26. g4 Nh7 27. Re1 Ra5 28. Qg3 Rab5 29. g5 hxg5 30. Nxg5 Bxg5 31. Bxg5 Rxb2 32. Bh6 g6 33. f3 Qf5 34. Rxb2 Rxb2 35. Qh4 f6 36. Qxa4 fxe5 37. Qe8+ Nf8 38. Bxf8 Qg5+ 0-1

[Event "Muensterland Regionalliga 2526"]
[Site "Germany"]
[Date "2025.10.25"]
[Round "1"]
[Board "3"]
[White "Lemli, Thomas"]
[Black "Hoffmann, Fabian"]
[Result "1/2-1/2"]
[WhiteElo "1965"]
[BlackElo "2009"]
[WhiteFideId "-1"]
[BlackFideId "-1"]
[PlyCount "52"]
[GameId "2095107233178822"]
[EventDate "2025.??.??"]
[EventType "team-tourn"]
[EventRounds "9"]
[EventCountry "GER"]
[SourceTitle "Verband Muensterland"]
[SourceDate "2025.09.21"]
[SourceVersion "1"]
[SourceVersionDate "2025.09.21"]
[SourceQuality "1"]
[WhiteTeam "Emsdetten Rochade"]
[BlackTeam "Raesfeld Erle II"]
[WhiteTeamCountry "GER"]
[BlackTeamCountry "GER"]

1. Nf3 d5 2. g3 Bf5 3. Bg2 c6 4. c4 dxc4 5. Na3 Nd7 6. Nxc4 Nb6 7. b3 Nf6 8. Bb2 Nxc4 9. bxc4 Qb6 10. Qc1 e6 11. O-O Be7 12. d3 O-O 13. Rb1 Qa6 14. Bc3 Rac8 15. a4 Rfd8 16. Qb2 Rc7 17. a5 Ne8 18. Nd2 Bf6 19. Ne4 Bxe4 20. Bxe4 Bxc3 21. Qxc3 Nd6 22. Bf3 Nf5 23. e3 c5 24. Rfd1 Rcd7 25. Be4 Nd6 26. Bf3 Nf5 1/2-1/2

[Event "Muensterland Regionalliga 2526"]
[Site "Germany"]
[Date "2025.10.25"]
[Round "1"]
[Board "4"]
[White "Bergemann, Martin"]
[Black "Delere, Adrian"]
[Result "1/2-1/2"]
[WhiteElo "1891"]
[BlackElo "1823"]
[WhiteFideId "-1"]
[BlackFideId "-1"]
[PlyCount "74"]
[GameId "2095107319190735"]
[EventDate "2025.??.??"]
[EventType "team-tourn"]
[EventRounds "9"]
[EventCountry "GER"]
[SourceTitle "Verband Muensterland"]
[SourceDate "2025.09.21"]
[SourceVersion "1"]
[SourceVersionDate "2025.09.21"]
[SourceQuality "1"]
[WhiteTeam "Raesfeld Erle II"]
[BlackTeam "Emsdetten Rochade"]
[WhiteTeamCountry "GER"]
[BlackTeamCountry "GER"]

1. d4 f5 2. Bg5 Nf6 3. Bxf6 exf6 4. e3 d5 5. c4 c6 6. Nc3 Qb6 7. Qc2 Be6 8. c5 Qc7 9. Bd3 g6 10. h4 h5 11. Nge2 b6 12. cxb6 Qxb6 13. Nf4 Bf7 14. a3 Nd7 15. b4 Bd6 16. g3 O-O 17. Bxf5 gxf5 18. Qxf5 Rad8 19. Nxh5 Bxh5 20. Qxh5 Kg7 21. Ne2 Rh8 22. Qg4+ Kf7 23. Nf4 Nf8 24. O-O Rg8 25. Qf5 Ng6 26. Qe6+ Kg7 27. Nh5+ Kh8 28. Qxf6+ Kh7 29. Qf5 Be7 30. Qf7+ Kh8 31. Nf4 Nxf4 32. Qxf4 Rd6 33. Qe5+ Rg7 34. Qh5+ Kg8 35. Qe8+ Kh7 36. Qh5+ Rh6 37. Qf5+ Kg8 1/2-1/2

[Event "Muensterland Regionalliga 2526"]
[Site "Germany"]
[Date "2025.10.25"]
[Round "1"]
[Board "5"]
[White "Ll, David"]
[Black "Boelker, Franz"]
[Result "0-1"]
[WhiteElo "1793"]
[BlackElo "1805"]
[WhiteFideId "-1"]
[BlackFideId "-1"]
[PlyCount "74"]
[GameId "2095107403830488"]
[EventDate "2025.??.??"]
[EventType "team-tourn"]
[EventRounds "9"]
[EventCountry "GER"]
[SourceTitle "Verband Muensterland"]
[SourceDate "2025.09.21"]
[SourceVersion "1"]
[SourceVersionDate "2025.09.21"]
[SourceQuality "1"]
[WhiteTeam "Emsdetten Rochade"]
[BlackTeam "Raesfeld Erle II"]
[WhiteTeamCountry "GER"]
[BlackTeamCountry "GER"]

1. d4 Nf6 2. Nf3 b6 3. g3 Bb7 4. Bg2 e6 5. O-O Be7 6. c4 d6 7. Nc3 Nbd7 8. Qc2 d5 9. Ne5 c5 10. cxd5 exd5 11. Nxd7 Qxd7 12. Rd1 O-O 13. Bg5 c4 14. Bxf6 Bxf6 15. e4 b5 16. Nxd5 Bxd5 17. exd5 Qg4 18. a4 a6 19. b3 Rac8 20. axb5 axb5 21. Ra5 Qd7 22. bxc4 Rxc4 23. Qb2 Qg4 24. Rf1 b4 25. Qb3 Rxd4 26. Rb5 Be7 27. Re1 Bd6 28. Rb6 Bc5 29. Bf3 Qf5 30. Rc6 Rd3 31. Qc2 Bxf2+ 32. Qxf2 Rxf3 33. Qc5 b3 34. Rb6 g6 35. Qc4 Rc8 36. Qe4 Rf1+ 37. Kg2 Rc2+ 0-1

[Event "Muensterland Regionalliga 2526"]
[Site "Germany"]
[Date "2025.10.25"]
[Round "1"]
[Board "6"]
[White "Broemmel, Chris"]
[Black "Nordholt, Uwe"]
[Result "0-1"]
[WhiteElo "1827"]
[BlackElo "1766"]
[WhiteFideId "-1"]
[BlackFideId "-1"]
[PlyCount "104"]
[GameId "2095107464140001"]
[EventDate "2025.??.??"]
[EventType "team-tourn"]
[EventRounds "9"]
[EventCountry "GER"]
[SourceTitle "Verband Muensterland"]
[SourceDate "2025.09.21"]
[SourceVersion "1"]
[SourceVersionDate "2025.09.21"]
[SourceQuality "1"]
[WhiteTeam "Raesfeld Erle II"]
[BlackTeam "Emsdetten Rochade"]
[WhiteTeamCountry "GER"]
[BlackTeamCountry "GER"]

1. e4 e6 2. b3 d5 3. Bb2 c5 4. Bb5+ Bd7 5. Bxd7+ Nxd7 6. Qe2 d4 7. f4 Ne7 8. Nh3 Nc6 9. O-O Be7 10. d3 Qc7 11. Nd2 Nb6 12. Qg4 g6 13. Rac1 h5 14. Qe2 Rg8 15. a4 a5 16. c3 Qd7 17. Nf3 Rd8 18. cxd4 cxd4 19. Kh1 f6 20. f5 gxf5 21. exf5 e5 22. Nh4 Qd5 23. Ng6 Qxb3 24. Rb1 Qf7 25. Ba1 Bb4 26. Nhf4 Nd5 27. Nxd5 Qxd5 28. Qxh5 Qf7 29. Rf3 Kd7 30. Rc1 Kc7 31. Rf2 Kb8 32. Rfc2 Bd6 33. Qf3 Rc8 34. Qe2 Nb4 35. Rxc8+ Rxc8 36. Rxc8+ Kxc8 37. Qd1 Qc7 38. h4 Qh7 39. Qb3 Kb8 40. Bb2 Qh6 41. Qg8+ Ka7 42. Qd8 Bc5 43. Qxa5+ Na6 44. Qb5 Qh5 45. Qd7 Qd1+ 46. Kh2 Qxd3 47. h5 Qd2 48. Qg7 e4 49. Qxf6 e3 50. h6 e2 51. h7 Bd6+ 52. Qxd6 Qh6+ 0-1

[Event "Muensterland Regionalliga 2526"]
[Site "Germany"]
[Date "2025.10.25"]
[Round "1"]
[Board "7"]
[White "Hussein, Zaman"]
[Black "Harrison, Falk"]
[Result "1-0"]
[WhiteElo "1746"]
[BlackElo "1640"]
[WhiteFideId "-1"]
[BlackFideId "-1"]
[PlyCount "117"]
[GameId "2095107553645802"]
[EventDate "2025.??.??"]
[EventType "team-tourn"]
[EventRounds "9"]
[EventCountry "GER"]
[SourceTitle "Verband Muensterland"]
[SourceDate "2025.09.21"]
[SourceVersion "1"]
[SourceVersionDate "2025.09.21"]
[SourceQuality "1"]
[WhiteTeam "Emsdetten Rochade"]
[BlackTeam "Raesfeld Erle II"]
[WhiteTeamCountry "GER"]
[BlackTeamCountry "GER"]

1. e4 c5 2. Nf3 d6 3. d4 cxd4 4. Nxd4 Nf6 5. Nc3 a6 6. Be3 e5 7. Nb3 Be6 8. Qd2 Nbd7 9. Be2 Rc8 10. O-O Be7 11. Rfd1 O-O 12. Bf3 Ng4 13. Bxg4 Bxg4 14. f3 Be6 15. Qf2 Qc7 16. Rd2 Rfe8 17. Qg3 Nb6 18. Bxb6 Qxb6+ 19. Qf2 Qd8 20. Rad1 Rc6 21. Nd5 Bg5 22. Rd3 f5 23. c3 Rf8 24. Qe2 Bh4 25. g3 fxe4 26. Qxe4 Bg5 27. Nb4 Qb6+ 28. Kg2 Rc4 29. Qe2 e4 30. fxe4 Rxb4 31. cxb4 Bc4 32. Qe1 Bxd3 33. Rxd3 Bf6 34. Qd2 Qc6 35. Rd5 Qc4 36. Qd3 Qxb4 37. Rxd6 Qe1 38. Rd5 g6 39. Nd2 Bxb2 40. Nf3 Qc1 41. Qe2 Rc8 42. Rd2 Bg7 43. e5 Bh6 44. Rb2 Qc6 45. Qd3 Re8 46. Re2 Bg7 47. Qb3+ Kh8 48. e6 b5 49. h4 Qc4 50. Qe3 Bf6 51. Kh2 a5 52. Ng5 b4 53. Nf7+ Kg7 54. Nd6 Qc6 55. Nxe8+ Qxe8 56. Qa7+ Qe7 57. Qxa5 Bc3 58. Qd5 Kh6 59. Qg5+ 1-0